Eficiència energètica Municipal : jornada de treball del Grup de Fluxos Metabòlics : Terrassa, 19 de juny de 2022 jornada de treball del Grup de Fluxos Metabòlics : Terrassa, 19 de juny de 2022
Descripción Física:
60 pàgines no numerades ; 30 cm
MARC
| LEADER | 00000cam a2200000 a 4500 | ||
|---|---|---|---|
| 001 | 26727 | ||
| 005 | 20260324181141.0 | ||
| 008 | 030225c2002 |||| ||||| || |c | ||
| 080 | |a Bib-943 | ||
| 111 | |9 54386 |a Jornada de treball del Grup de Fluxos Metabòlics |d (2002 : |c Terrassa, Catalunya) | ||
| 245 | 1 | 0 | |a Eficiència energètica Municipal : |b jornada de treball del Grup de Fluxos Metabòlics : Terrassa, 19 de juny de 2022 |
| 260 | |a Barcelona : |b Diputació de Barcelona. Xarxa de Municipis, |c 2002 | ||
| 300 | |a 60 pàgines no numerades ; |c 30 cm | ||
| 500 | |a A la coberta : Xarxa de Ciutats i Pobles cap a la sostenibilitat. | ||
| 650 | 0 | |a Energia |x Consum |2 Arxiu |9 49275 | |
| 650 | 0 | |a Energia |x Estalvi |2 Arxiu |9 33412 | |
| 650 | 0 | |a Medi ambient |x Anàlisi d'impacte |2 Arxiu |9 41281 | |
| 650 | 0 | |a Congressos i conferències |9 48301 | |
| 710 | 1 | |a Barcelona (Catalunya : Província). |b Àrea de Medi Ambient |9 52987 | |
| 710 | 2 | |a Xarxa de Ciutats i Pobles cap a la Sostenibilitat |9 53477 | |
| 942 | |2 udc |c ARXIU |n 1 | ||
| 952 | |0 0 |1 0 |4 0 |6 BIB943 |7 1 |9 63817 |a Arxiu |b Arxiu |d 2022-09-07 |l 0 |o Bib-943 |p 26727 |r 2022-09-07 00:00:00 |w 2022-09-07 |y ARXIU | ||
| 999 | |c 82647 |d 82647 | ||